[Event "ch-Frankfurt A"]
[White "Mayer, Rolf"]
[Black "Kuckel, Michael, Dr."]
[Site "Frankfurt"]
[Result "0-1"]
[Round "4.35"]
[WhiteElo "1743"]
[BlackElo "1720"]
[Date "2024.05.27"]
[PlyCount "300"]

1. d4 f5 2. Bf4 Nf6 3. e3 e6 4. Nf3 Ne4 5. Nbd2 Be7 6. Bd3 d5 7. Ne5 O-O 8. O-O g5 
9. Bg3 Qe8 10. f3 Nf6 11. c4 c6 12. c5 Nbd7 13. b4 Nxe5 14. Bxe5 Nd7 15. Bg3 f4 
16. exf4 gxf4 17. Bf2 Qh5 18. Re1 Rf6 19. Re2 Rh6 20. Nf1 e5 21. Qe1 Bf6 22. dxe5 
Nxe5 23. Rd1 Bd7 24. b5 Kf7 25. Qb4 Qg5 26. h4 Nxf3+ 27. Kh1 Nxh4 28. Bxh4 Qxh4+ 
29. Kg1 Rg8 30. g3 Qh1+ 31. Kf2 fxg3+ 32. Nxg3 Qxd1  0-1

[Event "ch-Frankfurt A"]
[White "Bernhardt, Winfried"]
[Black "Ackermann, Robert"]
[Site "Frankfurt"]
[Result "1-0"]
[Round "4.36"]
[WhiteElo "1364"]
[BlackElo "1812"]
[Date "2024.05.27"]
[PlyCount "300"]

1. e4 d6 2. Nf3 g6 3. Bc4 Bg7 4. d4 Nf6 5. Nc3 O-O 6. O-O c6 7. h3 b5 8. Bb3 a5 9. 
a3 Bb7 10. Re1 e6 11. Bf4 d5 12. e5 Ne8 13. Qd2 Nd7 14. Bh6 b4 15. axb4 axb4 16. 
Bg5 f6 17. exf6 Bxf6 18. Na4 Ng7 19. Bxf6 Qxf6 20. Qxb4 Rab8 21. Qd6 Rfd8 22. Qg3 
Nf5 23. Qf4 Qe7 24. Ng5 Ng7 25. Qe3 Nf8 26. Nc5 Bc8 27. Qe5 Nd7 28. Nxd7 Bxd7 29. 
Ra7 Qe8 30. g4 h6 31. Nf3 Qf7 32. Kg2 Rf8 33. Re3 Qe8 34. Qd6 Rd8 35. Ne5 Bc8 36. 
Qc7 Bd7 37. Nxd7 Qf7 38. Nxf8 Qxf8 39. Rf3  1-0

[Event "ch-Frankfurt A"]
[White "Winter, Olaf"]
[Black "Manasek, Martin"]
[Site "Frankfurt"]
[Result "1-0"]
[Round "4.37"]
[WhiteElo "1639"]
[BlackElo "1677"]
[Date "2024.05.27"]
[PlyCount "300"]
[Time "18:30:00"]
[WhiteTeam "SV Tübingen 1870 e.V."]
[BlackTeam "SC Flörsheim 1921"]

1. c4 c5 2. Nc3 Nc6 3. g3 Nf6 4. Bg2 g6 5. a3 Bg7 6. e3 O-O 7. Nge2 Ne5 8. d3 Rb8 
9. f4 Nc6 10. O-O e5 11. Bxc6 dxc6 12. fxe5 Ne8 13. d4 cxd4 14. exd4 Be6 15. b3 
Nc7 16. Bf4 g5 17. Be3 a6 18. Ne4 h6 19. N2c3 b5 20. Nf6+ Bxf6 21. Rxf6 Kg7 22. 
Qd2 Ne8 23. Bxg5 Rh8 24. Rxf7+ Bxf7 25. Bxd8 Rxd8 26. d5 cxd5 27. cxd5 Nc7 28. Qf4 
Nxd5 29. Nxd5 Bxd5 30. Qf6+ Kh7 31. Rf1 Rde8 32. b4 Be6 33. Rc1 Bc4 34. Rxc4 bxc4 
35. Qf7#  1-0

[Event "ch-Frankfurt A"]
[White "Shanmuganathan, Adhav"]
[Black "Leichum, Engelbert"]
[Site "Frankfurt"]
[Result "0-1"]
[Round "4.38"]
[WhiteElo "1571"]
[BlackElo "1508"]
[Date "2024.05.27"]
[PlyCount "300"]
[Time "18:30:00"]
[WhiteTeam "SV 1934 Ffm-Griesheim"]
[BlackTeam "vereinslos"]

1. e4 e5 2. Nf3 Bc5 3. Nxe5 Nc6 4. Nxf7 Kxf7 5. Qh5+ g6 6. Qxc5 d6 7. Qc3 Nf6 8. 
Bc4+ d5 9. exd5 Re8+ 10. Kf1 Nxd5 11. Qf3+ Kg7 12. Bxd5 Re7 13. b3 Qe8 14. Bb2+ 
Kh6 15. Qf4+ g5 16. Qf6+ Kh5 17. Bf3+ g4 18. Bxg4+ Bxg4 19. g3 Re1+ 20. Kg2 Qe4+ 
21. f3 Qe2#  0-1

[Event "ch-Frankfurt A"]
[White "Tepedibi, Tayfun"]
[Black "Hofmann-Weippert, Matthias"]
[Site "Frankfurt"]
[Result "0-1"]
[Round "4.41"]
[WhiteElo "1140"]
[BlackElo "1526"]
[Date "2024.05.27"]
[PlyCount "300"]

1. e4 e5 2. Nf3 Nc6 3. c4 Bc5 4. g3 d6 5. Bg2 Nf6 6. Nc3 O-O 7. O-O Bg4 8. d3 h6 
9. a3 a5 10. Bd2 Nd4 11. h3 Bh5 12. Be3 c6 13. Bxd4 Bxd4 14. Qd2 Bb6 15. Nh4 Qd7 
16. Kh2 Nh7 17. f4 Bd8 18. f5 Bxh4 19. gxh4 Qe7 20. Qe1 Rfd8 21. Qg3 Nf6 22. Bf3 
Kh8 23. Rg1 Rg8 24. Qg2 Qc7 25. Ne2 Bxf3 26. Qxf3 d5 27. Ng3 dxc4 28. dxc4 Qb6 29. 
Rg2 Qd4 30. Qe2 Rad8 31. Rag1 Rd6 32. b4 Qc3 33. bxa5 Qxa3 34. Qb2 Qxa5 35. Qxb7 
Qc3 36. Qxf7 Rd3 37. Qe6 Nh5 38. Qxc6 Rgd8 39. Qe6 Nf4 40. Qf7 Nxg2 41. Rxg2 Rd2 
42. f6 Rxg2+ 43. Kxg2 Rd2+  0-1

[Event "ch-Frankfurt A"]
[White "Vollbracht, Henrik, Dr."]
[Black "Fredershausen, Kurt"]
[Site "Frankfurt"]
[Result "1-0"]
[Round "4.42"]
[WhiteElo "1693"]
[BlackElo "1030"]
[Date "2024.05.27"]
[PlyCount "300"]
[Time "18:30:00"]
[WhiteTeam "Sabt Frankfurter TV 1860"]
[BlackTeam "SC Bad Soden"]

1. d4 d5 2. Nc3 Nf6 3. Bf4 a6 4. e3 e6 5. Bd3 g6 6. Nf3 Nc6 7. a3 Bg7 8. Qd2 Qe7 
9. O-O-O Ng4 10. Bg5 f6 11. Bh4 g5 12. Bg3 f5 13. h3 Nf6 14. Nxg5 Nh5 15. Nf3 Nxg3 
16. fxg3 Bd7 17. Qe2 h6 18. Na4 b6 19. Nc3 Na5 20. g4 Bf6 21. gxf5 O-O-O 22. Bxa6+ 
Nb7 23. fxe6 Bxe6 24. Rhf1 Kb8 25. Nd2 Na5 26. Rf3 Rhf8 27. Rdf1 c6 28. Bd3 Bg7 
29. Rxf8 Bxf8 30. Na4 Ka7 31. Bf5 Bd7 32. Bxd7 Rxd7 33. Qg4 Rd8 34. Qf3 b5 35. Nc5 
Nc4 36. Nxc4 bxc4 37. c3 Qg7 38. Ne6 Qb7 39. Nxd8 Qb3 40. Qxf8 Qa2 41. Rf7+ Kb6 
42. Qc5+ Ka6 43. Ra7#  1-0